| 000 | 00786cam a2200229 4500 | ||
|---|---|---|---|
| 001 | 5419 | ||
| 005 | 20181127175509.0 | ||
| 008 | 991105s1999 ii 001 0 eng | ||
| 010 | _a 99940671 | ||
| 020 | _a9789993677666 (v.II) | ||
| 020 | _a9789993677666(v.I) | ||
| 042 | _alcode | ||
| 043 | _aa-ii--- | ||
| 245 | 0 | 0 |
_aKingdom of Bhutan at the United Nations / _cCompiled by Lyonpo Dago Tshering ; edited by Ugyen Penjor (Editor, Kuensel). |
| 260 |
_aThimphu : _bBhutan, _c2015. |
||
| 300 |
_a2 vol. : Various pages. _c |
||
| 520 | _aCompilation of speeches by Bhutan delegations to United Nations. | ||
| 610 | 2 | 0 |
_aUnited Nations _zBhutan. |
| 650 |
_aSpeeches, addresses, etc. -- _v _x _y _zBhutan _2 |
||
| 651 | 0 |
_aBhutan _xForeign relations. |
|
| 999 |
_c4554 _d4554 |
||